| 000 | 00812nam a22002777a 4500 | ||
|---|---|---|---|
| 003 | CHAP | ||
| 005 | 20220329134432.0 | ||
| 008 | 971013c19471938 r 00010 d | ||
| 010 | _a20460 | ||
| 011 | _a21432 | ||
| 035 | _a25522 | ||
| 040 | _cCHAP | ||
| 082 |
_a545 _bA7 |
||
| 100 | 0 | 0 |
_aArenson, Saul B. _96969 |
| 245 | _aHow to solve problems in quantitative analysis | ||
| 260 |
_aNew York : _bCrowell, _c1947(c.1938) |
||
| 300 | _a89 p | ||
| 590 |
_aBATCH-UPD _b10 _c20130110 _lUCH01 _h1942 |
||
| 590 |
_aBATCH-UPD _b10 _c20130410 _lUCH01 _h1305 |
||
| 590 |
_aBATCH-UPD _b10 _c20130914 _lUCH01 _h1012 |
||
| 590 |
_aCONVERSION _b10 _c20130109 _lUCH01 _h1312 |
||
| 650 | 1 | 4 |
_aQuímica analítica cuantitativa. _993587 |
| 901 | _aBK | ||
| 942 | _cLIBRO | ||
| 949 |
_a545 A7 _bBC _cMUT _d-58847 _eMUT _h33152 _i25522 _si |
||
| 999 |
_c20460 _d20460 |
||